| 000 | 00769nam a22002297a 4500 | ||
|---|---|---|---|
| 999 |
_c7692 _d7692 |
||
| 003 | AR-CdUCM | ||
| 008 | 190321b ||||| |||| 00| 0 spa d | ||
| 040 |
_aMUNICIPALIDAD PROVINCIAL DEL CUSCO _cBIBLIOTECA MUNICIPAL DEL CUSCO |
||
| 041 | _hrus | ||
| 082 |
_a512.7 / _bM19 |
||
| 100 |
_aMáltsev, A. I. _921717 |
||
| 245 | _aFundamentos de álgebra lineal / | ||
| 260 |
_aMoscú : _bMir-Moscú, _c1972. |
||
| 300 |
_a398 páginas ; _c22 cm. |
||
| 505 | _aOperaciones con matrices -- Determinantes -- Polinomios característicos y mínimo -- Dimensión -- Coordenadas -- Subespacios lineales ... | ||
| 650 |
_aÁlgebra _919778 |
||
| 650 |
_aProblemas _99246 |
||
| 650 |
_aPolinomios _921718 |
||
| 700 |
_aVega, Carlos _921719 |
||
| 942 |
_2ddc _cLIBROS |
||
| 945 | _aacv | ||